00000000nam##2200000za#4500
0019.681884
003CaOODSP
00520210615132552
007ta
008150407|2002||||xxc|||||     f|0| 0 fre|d
020 |a0-662-87551-6
040 |aCaOODSP|bfre
043 |an-cn---
0861 |aMP43-195/2002F
1101 |aCanada.|bDéveloppement des ressources humaines Canada.
24510|aTu cherches un emploi?
260 |aOttawa - Ontario : |bDéveloppement des ressources humaines Canada |c2002.
300 |a54p. : |bill., index ; |c28 cm.
5203 |aQue tu sois à la recherche de ton premier emploi, un étudiant en recherche d’emploi ou quelqu’un qui cherche à changer de travail, Tu cherches un emploi? peut t’aider dans ta recherche d’emploi ou pour planifier ton cheminement de carrière.
563 |aCouverture souple
590 |a03-44|b2003-10-31
69107|aApprentissage|2gcpds
69107|aEmploi|2gcpds
69107|aInnovation|2gcpds
77508|tLooking for a job? |w(CaOODSP)9.648605
7760#|tLe savoir, clé de notre avenir : |w(CaOODSP)9.631203
7760#|tTu cherches un emploi? |w(CaOODSP)9.682256
7760#|tTu cherches un emploi? / |w(CaOODSP)9.682316
7760#|tTu cherches un emploi? |w(CaOODSP)9.682317